Porovnanie metód odhadu výnosov z predaja produktovej inovácie diplomová práca

Guardado en:
Detalles Bibliográficos
Autor principal: Ščerbáková, Dana
Autor Corporativo: Fakulta podnikového manažmentu EU. Katedra podnikovohospodárska
Otros Autores: Štetka, Peter, 1986-
Formato: Libro
Lenguaje:eslovaco
Publicado: Bratislava 2017
Etiquetas: Agregar Etiqueta
Sin Etiquetas, Sea el primero en etiquetar este registro!

MARC

LEADER 00000nbm a2200000 4500
001 0232584
005 20171030111314.7
041 0 |a slo 
044 |a SK 
245 1 0 |a Porovnanie metód odhadu výnosov z predaja produktovej inovácie  |b diplomová práca  |c Dana Ščerbáková ; školiteľ: Peter Štetka 
264 1 |a Bratislava  |c 2017 
300 |a 67 s. 
100 1 |a Ščerbáková, Dana 
700 1 |a Štetka, Peter, 1986- 
710 2 |a Fakulta podnikového manažmentu EU. Katedra podnikovohospodárska